| 000 | 00643cam a2200253 4500 | ||
|---|---|---|---|
| 008 | 090401t1994 xxu||||| |||| 00| 0 eng d | ||
| 020 | _a1850445176 | ||
| 035 | _a(Sirsi) u12920 | ||
| 041 | _aeng | ||
| 050 | _a526.9823 | ||
| 100 | _aAckroyd, N. | ||
| 245 | _aGlobal navigation: a GPS user`s guide. | ||
| 250 | _a2nd ed. | ||
| 260 |
_aLondon _bLLP Limited _c1994 |
||
| 300 | _axxii,196p. : ill. ; 30cm . | ||
| 350 | _a48 | ||
| 650 | _aGLOBAL NAVIGATION | ||
| 650 | _aGLOBAL POSITIONING SYSTEMS | ||
| 650 | _aSATELLITE SURVEYING | ||
| 690 | _aLAND SURVEYING | ||
| 700 | _aLorimer, Robert | ||
| 942 | _n0 | ||
| 948 | _c04/03/1997 | ||
| 999 |
_c87041 _d87041 |
||